Creating stress -free office (Record no. 418106)

MARC details
000 -LEADER
fixed length control field 00376nam a2200157Ia 4500
008 - FIXED-LENGTH DATA ELEMENTS--GENERAL INFORMATION
fixed length control field 230605s1998 xx 000 0 und d
041 ## - LANGUAGE CODE
Language code of text/sound track or separate title eng
100 ## - MAIN ENTRY--PERSONAL NAME
Personal name Priest/welch
245 ## - TITLE STATEMENT
Title Creating stress -free office
260 ## - PUBLICATION, DISTRIBUTION, ETC.
Name of publisher, distributor, etc. Gower management work book
Date of publication, distribution, etc. 1998
-- 1998
300 ## - PHYSICAL DESCRIPTION
Extent 329
365 ## - TRADE PRICE
Price amount 1229
Tax rate 1 20
500 ## - GENERAL NOTE
General note 54
520 ## - SUMMARY, ETC.
Summary, etc. Reference Copy
650 ## - SUBJECT ADDED ENTRY--TOPICAL TERM
Topical term or geographic name entry element C.S.

No items available.